000 00786nam a2200181Ia 4500
008 151202s9999||||xx |||||||||||||| ||und||
082 _bPNVM-33352
100 _aभुर्के अनंत.
245 _aजगतगुरु विराट विश्वकर्मा महात्म्य चरित्र.
260 _b"संपादक,पुणे."
260 _c0
300 _a632
600 _aभुर्के अनंत.
630 _aजगतगुरु विराट विश्वकर्मा महात्म्य चरित्र.
700 _aभुर्के अनंत.
730 _aजगतगुरु विराट विश्वकर्मा महात्म्य चरित्र.
942 _cBOOK
999 _c1299313
_d1299310